Priestor pre súkromný sektor Odborníci OECD na Slovensku

Informácia o vývoji ekonomiky na Slovensku za obdobie 1992 - 1993 vypracované Organizáciou pre ekonomickú spoluprácu a rozvoj (OECD).

Saved in:
Bibliographic Details
Format: Book Chapter
Language:Slovak
Subjects:
Tags: Add Tag
No Tags, Be the first to tag this record!

MARC

LEADER 00000naa a2200000 4500
001 r014887
005 20221213113530.6
041 0 |a slo 
044 |a SK 
245 1 0 |a Priestor pre súkromný sektor  |b Odborníci OECD na Slovensku 
520 |a Informácia o vývoji ekonomiky na Slovensku za obdobie 1992 - 1993 vypracované Organizáciou pre ekonomickú spoluprácu a rozvoj (OECD). 
610 2 0 |a podnikanie súkromné 
610 2 0 |a privatizácia 
610 2 0 |a vývoj hospodársky 
610 2 0 |a ekonomika odvetví 
610 2 0 |a rozvoj hospodársky 
610 2 0 |a Slovensko 
610 2 0 |a OECD